000 00548nam a22001817a 4500
999 _c174852
_d174852
005 20200715152213.0
010 _aENG-128276
020 _c440.00
_a9789352838516
035 _aEN-111808
037 _bDBAD/PUB
082 _a300
100 _aGupta,Suman
245 _aAwareness Social Sciences/
_cby Suman Gupta
260 _aNew Delhi
_bNeha
_c2019
270 _aB-1/D-1,Grooud floor, Mohan Co-operative industrial estate, Mathura Road
_bNew Delhi
_e110044
300 _axiii;374p.
_c24cm(pbk)
942 _2ddc
_cEN
_h300
_mGUP